Medzinárodný trh s hliníkom a jeho produktami (so zameraním na firmu Cortizo a jej pôsobenie na slovenskom trhu) bakalárska práca

Salvato in:
Dettagli Bibliografici
Autore principale: Fusatá, Tímea
Ente Autore: Obchodná fakulta EU. Katedra medzinárodného obchodu
Altri autori: Zubaľová, Ľubica, 1969-
Natura: Libro
Lingua:slovacco
Pubblicazione: Bratislava 2019
Tags: Aggiungi Tag
Nessun Tag, puoi essere il primo ad aggiungerne!!

MARC

LEADER 00000nbm a2200000 4500
001 0255621
005 20191018140933.7
041 0 |a slo 
044 |a SK 
245 1 0 |a Medzinárodný trh s hliníkom a jeho produktami (so zameraním na firmu Cortizo a jej pôsobenie na slovenskom trhu)  |b bakalárska práca  |c Tímea Fusatá ; školiteľ: Ľubica Zubaľová 
264 1 |a Bratislava  |c 2019 
300 |a 52 s. 
100 1 |a Fusatá, Tímea 
700 1 |a Zubaľová, Ľubica, 1969- 
710 2 |a Obchodná fakulta EU. Katedra medzinárodného obchodu